| 000 | 00319nam a22001097a 4500 | ||
|---|---|---|---|
| 008 | 170106b xxu||||| |||| 00| 0 eng d | ||
| 020 | _a9780781794688 | ||
| 041 | _aeng | ||
| 080 |
_28TH _a618.2 |
||
| 245 |
_aNURSING RESEARCH GENERATING AND ASSESING EVIDENCE FOR NURSING PRACTICE _cPOLIT, D.F & BECK, CH.T |
||
| 942 |
_2udc _cBK |
||
| 999 |
_c2597 _d2597 |
||